Peregrinos en la patria socialista: dos centroamericanos en Moscú /
Guardat en:
| Autor principal: | |
|---|---|
| Format: | Llibre |
| Idioma: | Spanish |
| Etiquetes: |
Afegir etiqueta
Sense etiquetes, Sigues el primer a etiquetar aquest registre!
|
MARC
| LEADER | 00000nam a22000007a 4500 | ||
|---|---|---|---|
| 003 | cru IIS | ||
| 005 | 20220503163351.0 | ||
| 007 | ta | ||
| 008 | 220503s2022 cr |||||r|||| 0|| 0|spa d | ||
| 040 | |c cru IIS | ||
| 100 | 1 | |9 6693 |a Villena Fiengo, Sergio Edgar |d 1964- |e Autor | |
| 245 | 1 | |a Peregrinos en la patria socialista: |b dos centroamericanos en Moscú / |c Sergio Villena Fiengo | |
| 300 | |a páginas 195-237 | ||
| 500 | |a Colección Centroamérica | ||
| 650 | 0 | 7 | |0 TESAUROS |
| 942 | |2 ddc |c LI | ||
| 999 | |c 44213 |d 44213 | ||
| 773 | 0 | |0 44212 |9 7047 |a Villena Fiengo, Sergio Edgar |d [San José, Costa Rica]: Editorial Arlekín, [2022] |o 22534 |t La revolución, hoy: |z 9789968681933 | |



